000 00569nam a22001817a 4500
999 _c181580
_d181580
005 20210924111122.0
010 _aENG-129963
020 _c1095.00
_a9789353887247
035 _aEN-113495
037 _bDBAD/PUB
082 _a305.2350954
100 _aNirantar
245 _aRestless in the city:
_cby Nirantar
_bConversations with young people in resettlement colonies/
260 _bSage
_c2021
270 _bNew Delhi
_aBI/1-1 Mohan Cooperative Industrial Area
_e110044
300 _axx,177p.
_c25cm (hbk)
942 _2ddc
_cEN
_mNIR
_h305.2350954